Consumer behavior : (Record no. 135040)

MARC details
000 -LEADER
fixed length control field 00660nam a2200229 a 4500
008 - FIXED-LENGTH DATA ELEMENTS--GENERAL INFORMATION
fixed length control field
020 ## - INTERNATIONAL STANDARD BOOK NUMBER
International Standard Book Number 0023846127 (pbk.)
049 ## - LOCAL HOLDINGS (OCLC)
Holding library MAIN
050 0# - LIBRARY OF CONGRESS CALL NUMBER
Classification number HF5415.3
Item number MOW
003 - CONTROL NUMBER IDENTIFIER
control field
005 - DATE AND TIME OF LATEST TRANSACTION
control field 20230123125048.0
040 ## - CATALOGING SOURCE
Transcribing agency NUST
100 1# - MAIN ENTRY--PERSONAL NAME
Personal name Mowen, John C.
245 10 - TITLE STATEMENT
Title Consumer behavior :
Remainder of title instructor`s manual /
Statement of responsibility, etc. John C Mowenand Jane Licata.
250 ## - EDITION STATEMENT
Edition statement 4th ed.
260 ## - PUBLICATION, DISTRIBUTION, ETC.
Place of publication, distribution, etc. Englewood Cliffs :
Name of publisher, distributor, etc. Prentice Hall,
Date of publication, distribution, etc. 1995.
300 ## - PHYSICAL DESCRIPTION
Extent 616 p. ;
Dimensions 25 cm.
500 ## - GENERAL NOTE
General note Includes bibliographical references.
650 #0 - SUBJECT ADDED ENTRY--TOPICAL TERM
Topical term or geographic name entry element Consumers
Form subdivision United States.
907 ## - LOCAL DATA ELEMENT G, LDG (RLIN)
a .b10284345
b 28-09-10
c 27-09-10
942 ## - ADDED ENTRY ELEMENTS (KOHA)
Koha item type Ordinary Loan Books
Holdings
Date last seen Total Checkouts Full call number Barcode Cost, replacement price Price effective from Koha item type Lost status Source of classification or shelving scheme Damaged status Not for loan Collection Withdrawn status Home library Current library Shelving location Date acquired Cost, normal purchase price
01/23/2023 3 HF5415.3 MOW 92004013967 80.00 01/23/2023 BOOKS   LCC     NFIC   MAIN MAIN GEN 01/23/2023 80.00